00484nam a2200181Ia 450000500170000000800410001702000180005804100080007608200170008410000120010124500510011325000120016426000380017630000090021450000290022365000280025270000220028020230130155746.0230125s9999 xx 000 0 und d a9789352807512 aeng a658bABI/JOS aAbidi S aThe Vuca Learner - Future-proof Your Relevance a1st Ed. c2018bSage PublicationaNew Delhi a272p aGeneral Management;VUCA  aGeneral Management;VUCA aAbidi S & Joshi M